[Event "ARG-ch sf U2300"]
[Site "San Nicolas"]
[Date "2017.05.27"]
[Round "2.5"]
[White "Cazaux, Santiago"]
[Black "Ibarra, Juan Martin"]
[Result "1-0"]
[WhiteElo "1977"]
[BlackElo "1500"]
[PlyCount "85"]
[EventDate "2017.05.27"]
[EventType "swiss"]
[EventRounds "6"]
[EventCountry "ARG"]
[SourceTitle "EXT 2024"]
[Source "ChessBase"]
[SourceDate "2023.10.10"]
[SourceVersion "1"]
[SourceVersionDate "2023.10.10"]
[SourceQuality "1"]

1. c4 c5 2. Nc3 Nf6 3. Nf3 d5 4. cxd5 Nxd5 5. e4 Nc7 6. Bc4 Nc6 7. 0-0 e5 8. d3 Be7 9. Nd5 0-0 10. Be3 Bg4 11. h3 Bxf3 12. Qxf3 Nd4 13. Qg4 Bf6 14. Rac1 Nxd5 15. Bxd5 Qd6 16. Bxd4 exd4 17. f4 Rfd8 18. Bc4 Be7 19. f5 Qh6 20. Rce1 Qg5 21. e5 Qxg4 22. hxg4 Bg5 23. e6 fxe6 24. fxe6 Be7 25. Rf7 Re8 26. Re4 a6 27. a4 Rab8 28. b3 Kh8 29. a5 Rbc8 30. Bd5 Rc7 31. g5 Kg8 32. g6 h6 33. g4 Rf8 34. Kg2 Rxf7 35. exf7+ Kf8 36. g5 Rd7 37. gxh6 gxh6 38. Bc4 Rd6 39. g7+ Kxg7 40. Rxe7 Rg6+ 41. Kh3 h5 42. Re8 Rf6 43. Rg8+ 1-0

[Event "ARG-ch sf U2300"]
[Site "San Nicolas"]
[Date "2017.05.27"]
[Round "1.3"]
[White "Garcia, Ricardo3333"]
[Black "Cazaux, Santiago"]
[Result "1-0"]
[WhiteElo "1562"]
[BlackElo "1977"]
[PlyCount "65"]
[EventDate "2017.05.27"]
[EventType "swiss"]
[EventRounds "6"]
[EventCountry "ARG"]
[SourceTitle "EXT 2024"]
[Source "ChessBase"]
[SourceDate "2023.10.10"]
[SourceVersion "1"]
[SourceVersionDate "2023.10.10"]
[SourceQuality "1"]

1. e4 d5 2. exd5 Qxd5 3. Nc3 Qa5 4. d4 Nf6 5. Bc4 c6 6. Nge2 Bf5 7. Bd2 Qc7 8. Bf4 Qa5 9. 0-0 e6 10. Re1 Nbd7 11. Qd2 Bb4 12. a3 Bxc3 13. Nxc3 0-0 14. Bd6 Rfe8 15. Bd3 Bg6 16. Bxg6 hxg6 17. Re3 Nd5 18. Rh3 Nxc3 19. bxc3 Qd5 20. Qf4 g5 21. Qg3 Nf6 22. Be5 Ne4 23. Qd3 f5 24. f3 Nf6 25. Rg3 Nd7 26. Re1 Nxe5 27. Rxe5 Qd8 28. Qd2 Kf7 29. Rxg5 Qf6 30. Rg3 Rad8 31. Qg5 Rd5 32. Qh5+ Kf8 33. Rg6 1-0